Vývoj pozície Slovenskej republiky ako donora rozvojovej pomoci a spolupráce a jej súvislosti

Slovenská oficiálna rozvojová pomoc a spolupráca. Komparácia historických aspektov vývoja so súčasnosťou a analýza jej formovania od 1. januára 2007. Inštitucionalizácia rozvojovej pomoci a spolupráce SR. Ciele, kritériá a priority slovenskej oficiálnej rozvojovej pomoci. Rozvojová pomoc a spoluprác...

Descripción completa

Guardado en:
Detalles Bibliográficos
Autor principal: Raslavská, Ivana
Formato: Capítulo de libro
Lenguaje:eslovaco
Materias:
Etiquetas: Agregar Etiqueta
Sin Etiquetas, Sea el primero en etiquetar este registro!

MARC

LEADER 00000naa$a2200000$$$4500
001 0083088
005 20240502071932.0
041 0 |a slo 
044 |a SK 
245 1 0 |a Vývoj pozície Slovenskej republiky ako donora rozvojovej pomoci a spolupráce a jej súvislosti  |c Ivana Raslavská 
520 |a Slovenská oficiálna rozvojová pomoc a spolupráca. Komparácia historických aspektov vývoja so súčasnosťou a analýza jej formovania od 1. januára 2007. Inštitucionalizácia rozvojovej pomoci a spolupráce SR. Ciele, kritériá a priority slovenskej oficiálnej rozvojovej pomoci. Rozvojová pomoc a spolupráca z pohľadu slovenskej zahraničnej politiky. Súčasné trendy v objeme a forme rozvojovej pomoci a spolupráce SR. 
610 2 0 |a pomoc rozvojová 
610 2 0 |a spolupráca cezhraničná 
610 2 0 |a politika zahraničná 
610 2 0 |a Slovensko 
610 2 0 |a politika rozvojová 
100 1 |a Raslavská, Ivana